000
00236nam a22001097a 4500
003
OSt
008
231116b |||||||| |||| 00| 0 eng d
041
_a
eng
100
_a
Govindan, M
_9
5723
245
_a
Poetry and Renaissence
942
_c
BK
999
_c
18041
_d
18041